000 00501nam a2200145 a 4500
001 000026789
005 20200930030419.0
008 110325s1981 dr 000 0 spa d
040 _aDO-SdBNP
_bspa
_cBNPHU
245 0 0 _aManual de inspección y supervisión de edificaciones.
260 _aSanto Domingo :
_bSecretaría de Estado de Obras Públicas y Comunicaciones
_bONAS,
_c1981.
300 _a117 P. ;
_c28 cm.
710 1 _aDepartamento de Normas Reglamento y Sistemas (ONAS)
_953900
049 _aBNPD
999 _c26281
_d26281